000 00663nam a2200241Ia 4500
003 OSt
005 20230518095832.0
008 210423s2012 xx 000 0 und d
020 _a978-1-891389-70-2
040 _cAL
041 _aeng
082 _a363.738 SPIC
_223
100 _aSPIRO (Thomas J);PURVIS-ROBERTS (Kathleen L).
_9107639
245 _aChemistry of the environment.
250 _a3
260 _aUSA
_bUniversity Science Books
_c2012
300 _axxii,615
_bPB
365 _b5688.75
_cUSD
650 _aEnvironmental Problems
_9107640
650 _aOther Social Problems
_9107641
906 _aChemistry ; environment.
942 _2ddc
_cBK
999 _c165010
_d165010